| 000 | 00759nam a2200265Ia 4500 | ||
|---|---|---|---|
| 003 | OSt | ||
| 005 | 20220924120059.0 | ||
| 006 | a|||||r|||| 00| 0 | ||
| 007 | ta | ||
| 008 | 220923b |||||||| |||| 00| 0 urd d | ||
| 020 | _a8187666161 (hbk) | ||
| 020 | _c600 | ||
| 024 | _a284441 | ||
| 037 |
_b4313, 19/11/2014, Kitabi Duniya _cTextual |
||
| 040 |
_aARTS _cARTS _burd |
||
| 041 |
_2urd _aurd |
||
| 082 | _aO168,1M31x, P8 | ||
| 100 |
_aDehlvi Hazrat Dagh _9180694 |
||
| 245 | 0 | _aKulliyat- e- dagh | |
| 260 |
_aDelhi _bKitabi Duniya India _c2008 |
||
| 300 |
_a392p. _ccm. |
||
| 650 | _aURDU POETRY | ||
| 942 |
_hO168,1M31x, P8 _cTEXL _2CC |
||
| 999 |
_c401148 _d401148 |
||